000 00743nam a2200241Ia 4500
003 OSt
005 20220927105004.0
006 a|||||r|||| 00| 0
007 ta
008 220926b |||||||| |||| 00| 0 eng d
024 _a146735
037 _cReference Collections
040 _aRTL
_cRTL
_beng
041 _2eng
_aeng
082 _a"X9(J).255.N6, K3"
100 _aANAND O P
_9369149
245 0 _aSome economic aspects of agricultural development
260 _aGwaliour
_bA E R C
_c1963
300 _a147p
_ccm.
490 _aAgro economic reasearch centre for madhya pradesh adhoc study series.3
942 _h"X9(J).255.N6, K3"
_cCC
999 _c690014
_d690014